High hopes for post-harvest : A new look at village-scale crop processing

Đã lưu trong:
Bibliografiske detaljer
Hovedforfatter: Clarke, Brian
Format: Bog
Sprog:Undetermined
Udgivet: Rome, Italy FAO 2004
Fag:
Tags: Tilføj Tag
Ingen Tags, Vær først til at tagge denne postø!
Thư viện lưu trữ: Trung tâm Học liệu Trường Đại học Cần Thơ
LEADER 00535nam a2200193Ia 4500
001 CTU_69336
008 210402s9999 xx 000 0 und d
082 |a 338.1 
082 |b C597 
100 |a Clarke, Brian 
245 0 |a High hopes for post-harvest : 
245 2 |b A new look at village-scale crop processing 
245 0 |c Brian Clarke 
260 |a Rome, Italy 
260 |b FAO 
260 |c 2004 
650 |a Food processing,Farm products 
904 |i Minh, Năm 
980 |a Trung tâm Học liệu Trường Đại học Cần Thơ